Herby wszystkich gmin Liechtensteinu - Statystyki

Ogólne statystyki
  • Ten quiz został rozwiązany 3 razy
  • Średni wynik to 5 z 11
Statystyki odpowiedzi
Obrazkowy Odpowiedź % Poprawnych
Vaduz
100%
Eschen
67%
Mauren
67%
Triesen
67%
Balzers
33%
Gamprin
33%
Planken
33%
Ruggell
33%
Schaan
33%
Schellenberg
33%
Triesenberg
33%
Nie znaleziono quizów pasujących do podanych kryteriów
Rozkład punktacji
Procent ludzi z każdym wynikiem
Percentyl według liczby udzielonych odpowiedzi
Twoja historia wyników
Nie rozwiązałeś tego quizu